[Event "15th CAN-ch (w)"]
[Site "Toronto CAN"]
[Date "2011.10.08"]
[Round "1"]
[White "Giblon, Melissa"]
[Black "Lacau-Rodean, Iulia"]
[Result "0-1"]
[WhiteElo "1474"]
[BlackElo "1994"]
[EventDate "2011.10.08"]
[PlyCount "64"]
[Source "MonRoi"]

1.c4 e5 2.Nc3 Nc6 3.g3 g6 4.Bg2 Bg7 5.e3 d6 6.Nge2 Be6 7.b3 Qd7 8.h3 Nge7 
9.d4 exd4 10.exd4 d5 11.c5 Nf5 12.Be3 Nxe3 13.fxe3 O-O-O 14.Nf4 Ne7 15.O-O
g5 16.Nxe6 Qxe6 17.Qd3 h5 18.Rad1 f5 19.Ne2 Kb8 20.b4 h4 21.Rfe1 hxg3 22.
Nxg3 g4 23.hxg4 fxg4 24.e4 Qh6 25.Nf1 Rdf8 26.Qg3 dxe4 27.Bxe4 Nf5 28.Qf2 
Nxd4 29.Qe3 Qf6 30.Nh2 Nf3+ 31.Nxf3 gxf3 32.Rf1 Rh1+ 0-1

[Event "15th CAN-ch (w)"]
[Site "Toronto CAN"]
[Date "2011.10.08"]
[Round "1"]
[White "Giblon, Rebecca"]
[Black "Orlova, Yelizaveta"]
[Result "0-1"]
[WhiteElo "1564"]
[BlackElo "1994"]
[EventDate "2011.10.08"]
[PlyCount "96"]
[Source "MonRoi"]

1.e4 c5 2.Nf3 Nc6 3.d4 cxd4 4.Nxd4 Qb6 5.Nb3 g6 6.Be3 Qb4+ 7.N1d2 Bg7 8.c3
Qd6 9.f4 Qc7 10.Qf3 d6 11.h3 Nf6 12.g4 Nd7 13.Bd3 a6 14.g5 b6 15.h4 Bb7 
16.h5 O-O-O 17.h6 Bf8 18.Qe2 Ncb8 19.Nc4 e6 20.a4 d5 21.exd5 exd5 22.Na3 
Bd6 23.Nd4 Nc5 24.Bc2 Rhe8 25.Qg4+ Nbd7 26.Kd2 Ne6 27.f5 Nxd4 28.Bxd4 Bf4+
29.Kd1 Be3 30.fxg6 Bxd4 31.gxf7 Rf8 32.Qxd4 Rxf7 33.Bxh7 Rf4 34.Qd3 Nc5 
35.Qh3+ Kb8 36.g6 Ne4 37.Rf1 Ng5 38.Qd3 Rxf1+ 39.Qxf1 d4 40.c4 Bf3+ 41.Kc2
d3+ 42.Kb3 Qg3 43.Ka2 d2 44.Qg1 Qxg1 45.Rxg1 d1=Q 46.Rxg5 Qd2 47.Rf5 Be4 
48.Rh5 Qg2 0-1

[Event "15th CAN-ch (w)"]
[Site "Toronto CAN"]
[Date "2011.10.08"]
[Round "1"]
[White "Belc, Daniela"]
[Black "Liu, Jiaxin"]
[Result "1-0"]
[WhiteElo "2052"]
[BlackElo "1502"]
[EventDate "2011.10.08"]
[PlyCount "103"]
[Source "MonRoi"]

1.d4 Nf6 2.c4 g6 3.Nc3 Bg7 4.e4 d6 5.Be2 Nc6 6.d5 Ne5 7.f4 Ned7 8.Nf3 O-O 
9.Be3 b6 10.Qd2 Nc5 11.Bxc5 bxc5 12.O-O Nd7 13.a4 a6 14.Bd3 Rb8 15.Rae1 e5
16.dxe6 fxe6 17.e5 dxe5 18.fxe5 Bb7 19.Be4 Nxe5 20.Qxd8 Nxf3+ 21.Rxf3 
Rfxd8 22.Bxb7 Rxb7 23.Rxe6 Rxb2 24.Nd5 a5 25.h4 Rb7 26.h5 Rf8 27.hxg6 Rxf3
28.gxf3 hxg6 29.Rxg6 Kh7 30.Rc6 Be5 31.Re6 Bd4+ 32.Kg2 c6 33.Rxc6 Rb2+ 34.
Kg3 Ra2 35.Nb6 Rb2 36.f4 Rb3+ 37.Kg4 Rb1 38.Kg5 Rg1+ 39.Kf5 Rg7 40.Nd5 
Rf7+ 41.Ke6 Kg6 42.f5+ Kg7 43.Ra6 Bc3 44.Ra8 Bb4 45.f6+ Kg6 46.Rg8+ Kh7 
47.Kxf7 Bd2 48.Rg2 Kh6 49.Kg8 Bf4 50.f7 Bd6 51.Nf4 Be7 52.Rg6# 1-0

[Event "15th CAN-ch (w)"]
[Site "Toronto CAN"]
[Date "2011.10.08"]
[Round "1"]
[White "Danti, Jessica"]
[Black "Roy, Myriam"]
[Result "0-1"]
[WhiteElo "1367"]
[BlackElo "2001"]
[EventDate "2011.10.08"]
[PlyCount "100"]
[Source "MonRoi"]

1.d4 d5 2.c4 c6 3.Nc3 Nf6 4.Nf3 Bf5 5.Bg5 Nbd7 6.e3 e6 7.Be2 Be7 8.O-O O-O
9.Rc1 h6 10.Bh4 dxc4 11.Bxc4 Rc8 12.a3 Ne4 13.Bxe7 Qxe7 14.Bd3 Nxc3 15.
Rxc3 Bg4 16.Be2 Rfd8 17.Qc2 e5 18.dxe5 Nxe5 19.Nxe5 Bxe2 20.Nxc6 Rxc6 21.
Qxe2 Rxc3 22.bxc3 Qxa3 23.Qc4 Qa5 24.h3 Qd5 25.Qc7 a6 26.c4 Qd7 27.Qa5 Rc8
28.Rc1 Qc6 29.Rb1 Qe4 30.Qb6 Rxc4 31.Rd1 Rb4 32.Qd8+ Kh7 33.Rd7 Rb1+ 34.
Kh2 Qe5+ 35.g3 Qe4 36.Rd1 Rxd1 37.Qxd1 a5 38.Qb3 f5 39.h4 a4 40.Qc3 b5 41.
Qa3 Qc2 42.Kg1 Qb3 43.Qf8 Qb1+ 44.Kh2 b4 45.h5 Qc2 46.Qf7 Qxf2+ 47.Kh1 
Qf3+ 48.Kh2 Qg4 49.Kg2 b3 50.Kf2 b2 0-1

[Event "15th CAN-ch (w)"]
[Site "Toronto CAN"]
[Date "2011.10.08"]
[Round "1"]
[White "Chichkina, Olya"]
[Black "Zhang, Taylor"]
[Result "1-0"]
[WhiteElo "1885"]
[BlackElo "1215"]
[EventDate "2011.10.08"]
[PlyCount "125"]
[Source "MonRoi"]

1.d4 d5 2.c4 e6 3.Nc3 Nf6 4.Nf3 Nc6 5.e3 Bd7 6.a3 Be7 7.c5 O-O 8.Bd3 Re8 
9.O-O b6 10.b4 a6 11.Bc2 Na7 12.Ne5 Nc6 13.Qd3 bxc5 14.bxc5 Na7 15.Nxd7 
Qxd7 16.Qxa6 Nc6 17.Qe2 e5 18.Qd1 h6 19.Bb2 exd4 20.exd4 Qd8 21.Ba4 Qd7 
22.Qd3 Ne4 23.Qb5 Qg4 24.Qxc6 Nd2 25.Rfd1 Nf3+ 26.Kh1 Bh4 27.Qxd5 Nxh2 28.
Kxh2 Bxf2 29.Qf3 Qh4+ 30.Qh3 Qf4+ 31.g3 Qf3 32.Bxe8 Rxe8 33.Rf1 Re6 34.
Rad1 Rg6 35.Rxf2 Qxf2+ 36.Qg2 Qf5 37.Rf1 Qg4 38.Nd5 Re6 39.Nf4 Rf6 40.Qa8+
Kh7 41.Qe4+ Kg8 42.d5 Ra6 43.Qe8+ Kh7 44.Qxf7 Ra4 45.Qxg7+ Qxg7 46.Bxg7 
Kxg7 47.Ne6+ Kg6 48.Nxc7 Rxa3 49.d6 Rd3 50.Ne8 h5 51.c6 h4 52.gxh4 Rd2+ 
53.Kg3 Rd3+ 54.Kf2 Rd2+ 55.Ke3 Rc2 56.c7 Rc6 57.Rf6+ Kh5 58.d7 Rxf6 59.
Nxf6+ Kxh4 60.d8=Q Kg3 61.Qg8+ Kh2 62.Kf3 Kh1 63.Qg2# 1-0

[Event "15th CAN-ch (w)"]
[Site "Toronto CAN"]
[Date "2011.10.08"]
[Round "1"]
[White "Tao, Rachel"]
[Black "Zhou, Qiyu"]
[Result "0-1"]
[WhiteElo "1155"]
[BlackElo "1811"]
[EventDate "2011.10.08"]
[PlyCount "52"]
[Source "MonRoi"]

1.d4 Nf6 2.e3 d5 3.Bd3 e6 4.f4 c5 5.c3 Be7 6.Nf3 O-O 7.b3 Nbd7 8.Bb2 b6 9.
Nbd2 Bb7 10.Qc2 h6 11.O-O-O cxd4 12.exd4 Rc8 13.Ne5 a6 14.Ndf3 b5 15.Rhg1 
Ne4 16.Rde1 Nxc3 17.Kd2 Ne4+ 18.Bxe4 Rxc2+ 19.Bxc2 Nxe5 20.Nxe5 Bb4+ 21.
Bc3 Bxc3+ 22.Kxc3 Qa5+ 23.Kb2 Rc8 24.Re3 Qd2 25.Rd3 Rxc2+ 26.Ka3 Rxa2# 0-1

[Event "15th CAN-ch (w)"]
[Site "Toronto CAN"]
[Date "2011.10.08"]
[Round "2"]
[White "Orlova, Yelizaveta"]
[Black "Giblon, Melissa"]
[Result "1-0"]
[WhiteElo "1994"]
[BlackElo "1474"]
[EventDate "2011.10.08"]
[PlyCount "139"]
[Source "MonRoi"]

1.b3 Nf6 2.Bb2 g6 3.Bxf6 exf6 4.c4 Bg7 5.Nc3 O-O 6.g3 f5 7.Rc1 Nc6 8.Bg2 
d6 9.a3 Be6 10.e3 Rb8 11.d4 Ne7 12.d5 Bd7 13.Nge2 a6 14.b4 c5 15.bxc5 dxc5
16.a4 Qa5 17.O-O Nc8 18.Qb3 Nd6 19.Rb1 b5 20.axb5 axb5 21.cxb5 Nxb5 22.
Nxb5 Bxb5 23.Qc2 Ba4 24.Qa2 Rxb1 25.Rxb1 Qa6 26.Nf4 Be5 27.Bf1 Qa8 28.Bc4 
Bd7 29.Qe2 Rb8 30.Rxb8+ Qxb8 31.Nd3 Bd6 32.Qa2 Bc8 33.Qa5 Qb1+ 34.Kg2 Qc2 
35.Qd8+ Bf8 36.Bb5 Qb3 37.Qxc8 Qxb5 38.Nf4 c4 39.d6 Kg7 40.d7 Be7 41.d8=Q 
Bxd8 42.Qxd8 Qc6+ 43.Qd5 Qa6 44.Qd4+ Kg8 45.Nd5 Qc6 46.Kg1 Qb5 47.Nf6+ Kg7
48.Ne4+ Kf8 49.Nd2 Qa4 50.Nxc4 Qa2 51.Nd6 Qe6 52.Nb5 Qe4 53.Nc3 Qxd4 54.
exd4 Ke7 55.d5 Kd6 56.Kf1 g5 57.Ke2 h6 58.Kd3 h5 59.Kd4 f6 60.Nb5+ Kd7 61.
Kc5 f4 62.Nc3 f5 63.gxf4 gxf4 64.d6 f3 65.Nd5 h4 66.Nf6+ Kd8 67.d7 Ke7 68.
Kc6 Kd8 69.h3 f4 70.Nh5 1-0

[Event "15th CAN-ch (w)"]
[Site "Toronto CAN"]
[Date "2011.10.08"]
[Round "2"]
[White "Lacau-Rodean, Iulia"]
[Black "Giblon, Rebecca"]
[Result "1-0"]
[WhiteElo "1994"]
[BlackElo "1564"]
[EventDate "2011.10.08"]
[PlyCount "43"]
[Source "MonRoi"]

1.e4 e5 2.Nf3 Nc6 3.d4 exd4 4.Nxd4 Bc5 5.Nxc6 Qf6 6.Qe2 Qxc6 7.Nc3 Ne7 8.
Be3 O-O 9.O-O-O Bb4 10.Bd4 d5 11.exd5 Nxd5 12.Nxd5 Qxd5 13.Qc4 Qa5 14.a3 
Bd6 15.Bc3 Qb6 16.Qh4 Bf5 17.Bd3 Bxd3 18.Rxd3 Rfe8 19.Rh3 h6 20.Bxg7 Kxg7 
21.Qxh6+ Kg8 22.Qh8# 1-0

[Event "15th CAN-ch (w)"]
[Site "Toronto CAN"]
[Date "2011.10.08"]
[Round "2"]
[White "Roy, Myriam"]
[Black "Khoudgarian, Natalia"]
[Result "0-1"]
[WhiteElo "2001"]
[BlackElo "2200"]
[EventDate "2011.10.08"]
[PlyCount "80"]
[Source "MonRoi"]

1.e4 e6 2.d4 d5 3.Nd2 Nf6 4.e5 Nfd7 5.Bd3 c5 6.c3 cxd4 7.cxd4 Nc6 8.Ne2 f6
9.exf6 Nxf6 10.Nf3 Bd6 11.O-O O-O 12.Bg5 Bd7 13.Bh4 Be8 14.Nc3 Bh5 15.Be2 
Qb6 16.Ng5 Qxd4 17.Qxd4 Nxd4 18.Bxh5 Nxh5 19.Rad1 Bc5 20.Na4 b6 21.Nxc5 
bxc5 22.b4 h6 23.Nh3 g5 24.g4 Nf3+ 25.Kh1 Nxh4 26.gxh5 Nf3 27.bxc5 Rac8 
28.Rc1 e5 29.Rfd1 d4 30.Ng1 Nxg1 31.Kxg1 Kf7 32.Rd2 Rc6 33.Rb1 Rfc8 34.
Rb7+ R8c7 35.Rdb2 Rxc5 36.Rb8 Rd7 37.Rh8 Kg7 38.Rbb8 d3 39.Rbf8 Rf7 40.Re8
d2 0-1

[Event "15th CAN-ch (w)"]
[Site "Toronto CAN"]
[Date "2011.10.08"]
[Round "2"]
[White "Zhou, Qiyu"]
[Black "Belc, Daniela"]
[Result "0-1"]
[WhiteElo "1811"]
[BlackElo "2052"]
[EventDate "2011.10.08"]
[PlyCount "162"]
[Source "MonRoi"]

1.e4 c5 2.Nf3 g6 3.d4 cxd4 4.Nxd4 Bg7 5.c3 Nc6 6.Be3 Nf6 7.Nd2 d6 8.Be2 
O-O 9.O-O Bd7 10.Kh1 d5 11.Nxc6 Bxc6 12.e5 Nd7 13.f4 e6 14.Nb3 f6 15.exf6 
Nxf6 16.Nd4 Qe7 17.Qc2 Ne4 18.Nxc6 bxc6 19.Bf3 Nd6 20.Rae1 Nf5 21.Bc1 Rae8
22.Bg4 Qh4 23.Bxf5 Rxf5 24.Qa4 e5 25.Qxc6 Qd8 26.Qa4 Ref8 27.Qxa7 g5 28.
Be3 gxf4 29.Bb6 Qh4 30.Bf2 Qg4 31.h3 Rh5 32.Bc5 f3 33.Rxf3 Rxf3 34.Qa8+ 
Bf8 35.Qxd5+ Rf7 36.Bxf8 Kxf8 37.Qd6+ Kg7 38.Re3 Qg6 39.Qxg6+ hxg6 40.g4 
Rh8 41.Kg2 Re8 42.b4 Ra7 43.Re2 Kf6 44.b5 Rc8 45.Rc2 Rc4 46.Kf2 Ke6 47.b6 
Rb7 48.Rb2 Rxc3 49.a4 Ra3 50.Rb4 Kd6 51.h4 Kc5 52.Rb5+ Kc4 53.Rxe5 Rxb6 
54.h5 gxh5 55.gxh5 Kd4 56.Re2 Rxa4 57.Rd2+ Ke4 58.Rc2 Kd3 59.Rc5 Rf6+ 60.
Kg3 Ra1 61.Kh4 Rg1 62.Ra5 Rg8 63.Ra3+ Kc4 64.Ra5 Rf1 65.Ra3 Kb4 66.Re3 Kc5
67.Rc3+ Kd4 68.Ra3 Ke5 69.Ra5+ Kf6 70.Ra6+ Kg7 71.Ra7+ Kh8 72.Ra3 Rh1+ 73.
Rh3 Rxh3+ 74.Kxh3 Kh7 75.h6 Kxh6 76.Kh4 Rg5 77.Kh3 Kh5 78.Kh2 Kh4 79.Kh1 
Kg3 80.Kg1 Rf5 81.Kh1 Rf1# 0-1

[Event "15th CAN-ch (w)"]
[Site "Toronto CAN"]
[Date "2011.10.08"]
[Round "2"]
[White "Zhang, Taylor"]
[Black "Lee, Melissa"]
[Result "0-1"]
[WhiteElo "1215"]
[BlackElo "1563"]
[EventDate "2011.10.08"]
[PlyCount "172"]
[Source "MonRoi"]

1.e4 c5 2.Nc3 d6 3.Nf3 Nf6 4.d3 Nc6 5.Be2 g6 6.Be3 Bg7 7.O-O O-O 8.h3 a6 
9.Qd2 Bd7 10.Bh6 b5 11.Bxg7 Kxg7 12.Nh2 Nd4 13.f4 Nxe2+ 14.Qxe2 Nh5 15.Qf3
Qc7 16.f5 Bc6 17.Ng4 Nf6 18.Nxf6 exf6 19.Qe3 Rae8 20.Qg3 Qe7 21.Qe3 d5 22.
Qe2 b4 23.exd5 Qxe2 24.Nxe2 Bxd5 25.Nf4 Bc6 26.fxg6 fxg6 27.Rae1 Kf7 28.a3
bxa3 29.bxa3 Ba4 30.Rc1 Re5 31.g3 g5 32.Ng2 Rfe8 33.Rf2 Rb8 34.Ne1 Re3 35.
Nf3 Kg6 36.Kg2 Bc6 37.Rcf1 Rb2 38.Rc1 h5 39.g4 hxg4 40.hxg4 Ra2 41.Kg3 
Rxa3 42.Rff1 a5 43.Kg2 Ra2 44.Kg3 a4 45.Kg2 a3 46.Kg3 Rb2 47.Ra1 a2 48.Rf2
Rxf3+ 49.Rxf3 Bxf3 50.Kxf3 Rxc2 51.Ke4 Kf7 52.Kf5 Kg7 53.Ke6 Kg6 54.Rf1 
Re2+ 55.Kd5 Rf2 56.Ra1 Rc2 57.Ke6 Rd2 58.Kd5 Rxd3+ 59.Kxc5 Rd2 60.Kc4 f5 
61.gxf5+ Kxf5 62.Kb3 g4 63.Kc3 Rf2 64.Kd3 Kf4 65.Kc3 g3 66.Kb3 Kf3 67.Kc3 
g2 68.Kb3 Rf1 69.Rxf1+ gxf1=R 70.Kxa2 Ke3 71.Kb2 Kd3 72.Kb3 Rc1 73.Kb2 Kd2
74.Kb3 Rc2 75.Kb4 Rc3 76.Kb5 Kd3 77.Kb6 Rc4 78.Kb7 Rc5 79.Kb6 Kd4 80.Kb7 
Kd5 81.Kb8 Rc6 82.Kb7 Kd6 83.Kb8 Rc7 84.Ka8 Kc6 85.Kb8 Kb6 86.Ka8 Rc8# 0-1

[Event "15th CAN-ch (w)"]
[Site "Toronto CAN"]
[Date "2011.10.08"]
[Round "2"]
[White "Liu, Jiaxin"]
[Black "Tao, Rachel"]
[Result "1-0"]
[WhiteElo "1502"]
[BlackElo "1155"]
[EventDate "2011.10.08"]
[PlyCount "143"]
[Source "MonRoi"]

1.d4 e6 2.c4 d5 3.Nf3 c5 4.Nbd2 Nc6 5.e3 Qb6 6.Nb3 Nf6 7.a3 a5 8.dxc5 Bxc5
9.Nxc5 Qxc5 10.b3 O-O 11.Bb2 Qe7 12.Be2 Rd8 13.Qc2 g6 14.O-O b6 15.Qc3 Kg7
16.cxd5 Na7 17.dxe6 Bxe6 18.Nd4 Rac8 19.Qe1 Nc6 20.Nxe6+ Qxe6 21.Bc4 Qf5 
22.Rd1 Ne5 23.Rxd8 Rxd8 24.Qa1 Neg4 25.h3 Nh6 26.g4 g5 27.Bxf6+ Qxf6 28.
Qxf6+ Kxf6 29.f4 Re8 30.Rf3 gxf4 31.Rxf4+ Kg6 32.Kf2 Re5 33.a4 f5 34.gxf5+
Nxf5 35.Bd3 Kg5 36.Rxf5+ Rxf5+ 37.Bxf5 Kxf5 38.Kf3 Ke5 39.h4 h5 40.e4 Kd4 
41.Kf4 Kc3 42.e5 Kxb3 43.e6 Kxa4 44.e7 b5 45.e8=Q Kb4 46.Qe4+ Ka3 47.Qd3+ 
Ka4 48.Qc2+ Kb4 49.Qd2+ Ka4 50.Qc3 b4 51.Qa1+ Kb5 52.Ke4 b3 53.Qa3 a4 54.
Kd4 Ka5 55.Kc4 Kb6 56.Qxa4 b2 57.Qb3+ Kc6 58.Qxb2 Kd6 59.Qd4+ Ke6 60.Qf4 
Ke7 61.Qf5 Kd6 62.Qf7 Ke5 63.Qxh5+ Kf6 64.Qg5+ Kf7 65.h5 Kf8 66.h6 Kf7 67.
h7 Ke6 68.h8=Q Kf7 69.Qh7+ Ke6 70.Qhh6+ Kf7 71.Qgg7+ Ke8 72.Qhh8# 1-0

[Event "15th CAN-ch (w)"]
[Site "Toronto CAN"]
[Date "2011.10.08"]
[Round "3"]
[White "Khoudgarian, Natalia"]
[Black "Lacau-Rodean, Iulia"]
[Result "1-0"]
[WhiteElo "2200"]
[BlackElo "1994"]
[EventDate "2011.10.08"]
[PlyCount "55"]
[Source "MonRoi"]

1.e4 c5 2.c3 d5 3.exd5 Qxd5 4.d4 cxd4 5.cxd4 Nf6 6.Nc3 Qa5 7.Nf3 Bg4 8.
Bb5+ Nbd7 9.h3 a6 10.hxg4 axb5 11.g5 Ne4 12.Qd3 Nxc3 13.bxc3 b4 14.cxb4 
Qxb4+ 15.Bd2 Qd6 16.O-O g6 17.Rab1 b6 18.Qe4 Rd8 19.Rfe1 f5 20.gxf6 Nxf6 
21.Qh4 Nd5 22.Ne5 Bg7 23.Nc4 Qf6 24.Bg5 Qf7 25.Nxb6 O-O 26.Nxd5 Rxd5 27.
Rxe7 Qf5 28.Rbb7 1-0

[Event "15th CAN-ch (w)"]
[Site "Toronto CAN"]
[Date "2011.10.08"]
[Round "3"]
[White "Roy, Myriam"]
[Black "Orlova, Yelizaveta"]
[Result "1/2-1/2"]
[WhiteElo "2001"]
[BlackElo "1994"]
[EventDate "2011.10.08"]
[PlyCount "61"]
[Source "MonRoi"]

1.e4 b6 2.d4 Bb7 3.Nc3 e6 4.Bd3 Ne7 5.Nf3 g6 6.O-O Bg7 7.Be3 Nbc6 8.Qd2 h6
9.a3 d5 10.e5 g5 11.Rfe1 g4 12.Nh4 a6 13.Ne2 Qd7 14.b4 O-O-O 15.a4 a5 16.
c3 f6 17.exf6 Bxf6 18.Ng6 Nxg6 19.Bxg6 Rhg8 20.Bd3 Bg5 21.Bb5 Qd6 22.Reb1 
Rdf8 23.Qd3 Nb8 24.Qd2 Bxe3 25.Qxe3 h5 26.bxa5 bxa5 27.Rb2 h4 28.Rab1 Ba6 
29.Bxa6+ Nxa6 30.Rb5 Rf5 31.Qd3 1/2-1/2

[Event "15th CAN-ch (w)"]
[Site "Toronto CAN"]
[Date "2011.10.08"]
[Round "3"]
[White "Lee, Melissa"]
[Black "Zhou, Qiyu"]
[Result "1/2-1/2"]
[WhiteElo "1563"]
[BlackElo "1811"]
[EventDate "2011.10.08"]
[PlyCount "60"]
[Source "MonRoi"]

1.e4 e5 2.Nf3 Nc6 3.Bb5 a6 4.Ba4 Nf6 5.O-O b5 6.Bb3 Be7 7.Re1 d6 8.h3 O-O 
9.c3 Na5 10.Bc2 c5 11.d4 Qc7 12.d5 h6 13.Nbd2 Kh7 14.Nf1 Rg8 15.Ng3 g5 16.
Nh2 g4 17.h4 Bd7 18.Qd2 Bf8 19.Kh1 c4 20.b4 Nb7 21.a4 h5 22.Nhf1 Qd8 23.
Ne3 Bh6 24.Qe2 Qe8 25.a5 Qf8 26.Nef5 Bxf5 27.Bxh6 Qxh6 28.Nxf5 Qf8 29.Qe3 
Nd7 30.Ng3 Qe7 1/2-1/2

[Event "15th CAN-ch (w)"]
[Site "Toronto CAN"]
[Date "2011.10.08"]
[Round "3"]
[White "Giblon, Rebecca"]
[Black "Liu, Jiaxin"]
[Result "1/2-1/2"]
[WhiteElo "1564"]
[BlackElo "1502"]
[EventDate "2011.10.08"]
[PlyCount "114"]
[Source "MonRoi"]

1.e4 c5 2.Nf3 Nc6 3.d4 cxd4 4.Nxd4 Nf6 5.Nc3 e5 6.Ndb5 d6 7.Nd5 Nxd5 8.
exd5 Nb8 9.c4 Be7 10.Bd3 O-O 11.O-O a6 12.Nc3 f5 13.Re1 g6 14.Qe2 Nd7 15.
Bd2 Bf6 16.a3 Nc5 17.Bc2 b6 18.b4 Nb7 19.f3 Bg5 20.Bxg5 Qxg5 21.Na4 Qd8 
22.Qe3 b5 23.Nb6 Rb8 24.c5 dxc5 25.bxc5 Nxc5 26.Nxc8 Rxc8 27.Qxe5 Re8 28.
Qxe8+ Qxe8 29.Rxe8+ Rxe8 30.Kf2 Kf7 31.Rd1 Ke7 32.Re1+ Kd7 33.Rxe8 Kxe8 
34.Ke3 Ke7 35.Bb1 Na4 36.Kd4 Kd6 37.g4 fxg4 38.fxg4 Nb6 39.Be4 a5 40.h4 
Nd7 41.g5 Ne5 42.Bg2 Nd7 43.Bf1 b4 44.axb4 axb4 45.Bc4 Ne5 46.Be2 b3 47.
Kc3 Kxd5 48.Kxb3 Ke4 49.h5 Kf5 50.hxg6 hxg6 51.Kc3 Kxg5 52.Kd2 Kf4 53.Ke1 
Nf3+ 54.Kf2 Ne5 55.Kg2 g5 56.Kf2 Ng4+ 57.Kg2 Ne3+ 1/2-1/2

[Event "15th CAN-ch (w)"]
[Site "Toronto CAN"]
[Date "2011.10.08"]
[Round "3"]
[White "Giblon, Melissa"]
[Black "Zhang, Taylor"]
[Result "1-0"]
[WhiteElo "1474"]
[BlackElo "1215"]
[EventDate "2011.10.08"]
[PlyCount "113"]
[Source "MonRoi"]

1.c4 e5 2.Nc3 Nf6 3.g3 Nc6 4.Bg2 d6 5.e3 Be6 6.b3 Be7 7.d4 exd4 8.exd4 Bd7
9.Nge2 O-O 10.O-O Qc8 11.Re1 Re8 12.Nf4 Bf5 13.a3 a5 14.Bb2 h6 15.Qd2 Nh7 
16.Nfd5 Nf6 17.b4 Nxd5 18.Nxd5 Qd7 19.b5 Nb8 20.Nxe7+ Rxe7 21.Bxb7 Ra7 22.
Rxe7 Qxe7 23.Re1 Qd7 24.Bd5 c6 25.bxc6 Nxc6 26.Qc3 Ne7 27.Bg2 f6 28.Qb3 
Kh7 29.a4 Be6 30.Ba3 Rc7 31.d5 Bf5 32.Bf1 Rb7 33.Qd1 Rb1 34.Qe2 Rxe1 35.
Qxe1 Qxa4 36.Bxd6 Nc8 37.Bc7 Qb4 38.Bxa5 Qxe1 39.Bxe1 Kg8 40.f4 Kf7 41.Kf2
Ke7 42.Bb4+ Kd7 43.Ke3 Nb6 44.Kd4 Nc8 45.c5 Na7 46.Ba6 Kc7 47.Ba5+ Kd7 48.
Bb6 Nc8 49.Bb5+ Ke7 50.Bc7 Na7 51.d6+ Ke6 52.Bc4+ Kd7 53.Bb6 Nc8 54.Bb5+ 
Ke6 55.d7 Nxb6 56.d8=Q Kf7 57.Qe8# 1-0

[Event "15th CAN-ch (w)"]
[Site "Toronto CAN"]
[Date "2011.10.08"]
[Round "3"]
[White "Danti, Jessica"]
[Black "Tao, Rachel"]
[Result "1-0"]
[WhiteElo "1367"]
[BlackElo "1155"]
[EventDate "2011.10.08"]
[PlyCount "73"]
[Source "MonRoi"]

1.d4 e6 2.c4 d5 3.Nf3 c5 4.Bg5 Nf6 5.e3 Nc6 6.Nc3 h6 7.Bh4 g5 8.Bg3 Qb6 9.
Rb1 a6 10.Be2 Ne4 11.Be5 Rg8 12.O-O cxd4 13.exd4 Bg7 14.Bxg7 Rxg7 15.cxd5 
exd5 16.Nxd5 Qd8 17.Bd3 f5 18.Nc3 g4 19.Nd2 Nxd2 20.Qxd2 h5 21.Qh6 Qg5 22.
Qh8+ Rg8 23.Rfe1+ Kf8 24.Qh7 Rg7 25.Qh8+ Rg8 26.Qh7 Nxd4 27.Bc4 Nf3+ 28.
Kh1 Rg7 29.Qh8+ Rg8 30.Bxg8 Qxg8 31.Qh6+ Kf7 32.Qxh5+ Kf6 33.Qh6+ Kf7 34.
Nd5 Qg5 35.Qh7+ Qg7 36.Re7+ Kf8 37.Qxg7# 1-0

[Event "15th CAN-ch (w)"]
[Site "Toronto CAN"]
[Date "2011.10.09"]
[Round "4"]
[White "Belc, Daniela"]
[Black "Khoudgarian, Natalia"]
[Result "0-1"]
[WhiteElo "2052"]
[BlackElo "2200"]
[EventDate "2011.10.08"]
[PlyCount "76"]
[Source "MonRoi"]

1.d4 e6 2.c4 f5 3.g3 Nf6 4.Bg2 c6 5.Nf3 d5 6.Nc3 Bd6 7.O-O O-O 8.Bg5 Nbd7 
9.Qd3 Qe8 10.Bxf6 Rxf6 11.e3 Qh5 12.Rfc1 g5 13.cxd5 exd5 14.Rc2 Nf8 15.Nd2
Bd7 16.f4 g4 17.b4 Bxb4 18.Rb1 Bxc3 19.Qxc3 b6 20.Qa3 Rh6 21.Nf1 Qe8 22.
Qa6 Bc8 23.Qa4 Bb7 24.Rc3 Qd7 25.Ra3 Ne6 26.Qc2 Nc7 27.Rab3 Nb5 28.Nd2 Nd6
29.Bf1 Rc8 30.Rc3 Qf7 31.Be2 Qh5 32.h4 Re6 33.a4 Qe8 34.Kf2 c5 35.dxc5 d4 
36.exd4 Rxe2+ 37.Kf1 Ne4 38.Qb3+ Kh8 0-1

[Event "15th CAN-ch (w)"]
[Site "Toronto CAN"]
[Date "2011.10.09"]
[Round "4"]
[White "Lacau-Rodean, Iulia"]
[Black "Chichkina, Olya"]
[Result "1-0"]
[WhiteElo "1994"]
[BlackElo "1885"]
[EventDate "2011.10.08"]
[PlyCount "96"]
[Source "MonRoi"]

1.e4 d6 2.d4 Nf6 3.Nc3 c6 4.f4 Qa5 5.Bd2 e5 6.fxe5 dxe5 7.d5 Qb4 8.Bd3 
Qxb2 9.dxc6 bxc6 10.Rb1 Qa3 11.Rb3 Qd6 12.Bc4 Ba6 13.Qe2 Bxc4 14.Qxc4 Nbd7
15.Nf3 Be7 16.Na4 O-O 17.Rd3 Qc7 18.O-O Nb6 19.Nxb6 axb6 20.Bc3 b5 21.Qb3 
Nxe4 22.Bxe5 Qb6+ 23.Bd4 Bc5 24.Qb2 Rad8 25.Kh1 f6 26.g3 Rd6 27.Bxc5 Qxc5 
28.Rxd6 Qxd6 29.Qd4 Qxd4 30.Nxd4 Rc8 31.Re1 Nc3 32.Re3 Nd5 33.Re6 Nb4 34.
a3 c5 35.Nf5 Nxc2 36.Rb6 Kf8 37.Nd6 Rd8 38.Nxb5 Rd1+ 39.Kg2 Rb1 40.a4 Nd4 
41.Rb8+ Kf7 42.Nd6+ Ke6 43.Rxb1 Kxd6 44.a5 Nc6 45.a6 Na7 46.Rb7 c4 47.Kf3 
Nc6 48.a7 Nxa7 1-0

[Event "15th CAN-ch (w)"]
[Site "Toronto CAN"]
[Date "2011.10.09"]
[Round "4"]
[White "Lee, Melissa"]
[Black "Roy, Myriam"]
[Result "0-1"]
[WhiteElo "1563"]
[BlackElo "2001"]
[EventDate "2011.10.08"]
[PlyCount "86"]
[Source "MonRoi"]

1.e4 c6 2.d3 d5 3.Nd2 e5 4.Ngf3 Bd6 5.g3 Nf6 6.Bg2 O-O 7.O-O Re8 8.Re1 Bg4
9.h3 Bxf3 10.Nxf3 dxe4 11.dxe4 Qc7 12.c3 Nbd7 13.Bg5 h6 14.Bxf6 Nxf6 15.
Nh4 Rad8 16.Qc2 g6 17.Rad1 Bc5 18.Rxd8 Rxd8 19.Rd1 Kg7 20.Rxd8 Qxd8 21.Nf3
Qd6 22.Nd2 b5 23.b4 Bb6 24.Nb3 Qe6 25.Qd3 Ne8 26.Qc2 Nd6 27.Bf1 h5 28.Kg2 
Qf6 29.Bd3 a6 30.Qe2 Qe6 31.Qc2 Qf6 32.Qe2 h4 33.Qf3 Qe7 34.Qg4 hxg3 35.
Kxg3 Qf6 36.Qf3 Qe6 37.Qg4 Qe7 38.Qf3 Ne8 39.Kg2 Nf6 40.Be2 Nh5 41.Kf1 Nf4
42.Nd2 Qd7 43.Ke1 Nxh3 0-1

[Event "15th CAN-ch (w)"]
[Site "Toronto CAN"]
[Date "2011.10.09"]
[Round "4"]
[White "Zhou, Qiyu"]
[Black "Liu, Jiaxin"]
[Result "1/2-1/2"]
[WhiteElo "1811"]
[BlackElo "1502"]
[EventDate "2011.10.08"]
[PlyCount "66"]
[Source "MonRoi"]

1.e4 c5 2.Nf3 Nc6 3.d4 cxd4 4.Nxd4 Nf6 5.Nc3 e5 6.Ndb5 d6 7.Bg5 a6 8.Na3 
b5 9.Nd5 Be7 10.Bxf6 Bxf6 11.c4 b4 12.Nc2 a5 13.Qf3 Bg5 14.h4 Be7 15.b3 
Be6 16.Nxe7 Nxe7 17.Rd1 Qc7 18.g3 Rd8 19.Ne3 Qc8 20.Be2 Nc6 21.Nc2 Ne7 22.
O-O O-O 23.Qd3 f5 24.Ne3 f4 25.Nd5 Nxd5 26.cxd5 Bg4 27.Bxg4 Qxg4 28.Rfe1 
fxg3 29.Qxg3 Qf4 30.Qxf4 Rxf4 31.Rc1 Rdf8 32.Re2 Rg4+ 33.Kf1 Rxh4 1/2-1/2

[Event "15th CAN-ch (w)"]
[Site "Toronto CAN"]
[Date "2011.10.09"]
[Round "4"]
[White "Giblon, Rebecca"]
[Black "Danti, Jessica"]
[Result "1-0"]
[WhiteElo "1564"]
[BlackElo "1367"]
[EventDate "2011.10.08"]
[PlyCount "95"]
[Source "MonRoi"]

1.e4 e6 2.d4 d5 3.Nd2 c5 4.exd5 exd5 5.dxc5 Bxc5 6.Nb3 Bb6 7.Nf3 Nf6 8.Bg5
Bxf2+ 9.Kxf2 Ne4+ 10.Ke1 Nxg5 11.Bb5+ Nc6 12.Ne5 O-O 13.Nxc6 bxc6 14.Bxc6 
Rb8 15.Qxd5 Qe7+ 16.Kf2 Qf6+ 17.Kg3 Qg6 18.Rhe1 Nh3+ 19.Kf3 Qf6+ 20.Ke4 
Rb4+ 21.Nd4 Qf4+ 22.Kd3 Nf2+ 23.Kc3 a5 24.a3 Rb8 25.Qe5 Qxe5 26.Rxe5 Ng4 
27.Rxa5 Nxh2 28.Rb5 Be6 29.Rxb8 Rxb8 30.Nxe6 fxe6 31.Bd7 Rb6 32.a4 Kf7 33.
a5 Ra6 34.Bb5 Ra7 35.b4 Ke7 36.Rd1 Ng4 37.Kb3 Ne3 38.Rd2 h5 39.Bc6 g5 40.
c4 h4 41.Kc3 Rc7 42.b5 g4 43.a6 h3 44.gxh3 g3 45.Kb4 Rxc6 46.bxc6 g2 47.
Rxg2 Nxg2 48.a7 1-0

[Event "15th CAN-ch (w)"]
[Site "Toronto CAN"]
[Date "2011.10.09"]
[Round "4"]
[White "Tao, Rachel"]
[Black "Zhang, Taylor"]
[Result "1-0"]
[WhiteElo "1155"]
[BlackElo "1215"]
[EventDate "2011.10.08"]
[PlyCount "131"]
[Source "MonRoi"]

1.d4 d5 2.e3 Nf6 3.Bd3 e6 4.f4 Nc6 5.Nf3 Bd7 6.c3 Bd6 7.Nbd2 O-O 8.Ne5 Qe7
9.Ndf3 h6 10.O-O Qd8 11.Bd2 Nh5 12.Be1 Nf6 13.Bh4 Be7 14.Qc2 a6 15.g4 Nxe5
16.Nxe5 Ne8 17.Bxe7 Qxe7 18.Rf3 Qh4 19.Nxd7 Qxg4+ 20.Rg3 Qh4 21.Bh7+ Kh8 
22.Nxf8 Nf6 23.Ng6+ fxg6 24.Qxg6 Ne8 25.Rf1 Qf6 26.Qd3 Nd6 27.Rf2 Re8 28.
Rfg2 Re7 29.Rg6 Qf8 30.R6g4 Ne8 31.R4g3 Nf6 32.Bg6 c6 33.e4 dxe4 34.Bxe4 
Nxe4 35.Qxe4 Qf6 36.Rg6 Qf8 37.Qe5 Qg8 38.Rxh6+ Qh7 39.Rxh7+ Kxh7 40.Qh5+ 
Kg8 41.f5 exf5 42.Qxf5 Rf7 43.Qc8+ Kh7 44.Rg3 Re7 45.Rh3+ Kg6 46.Qg4+ Kf7 
47.Rh7 Kg8 48.Qh5 Rf7 49.d5 cxd5 50.Qxd5 Kxh7 51.Qxf7 b5 52.c4 bxc4 53.
Qxc4 a5 54.b4 axb4 55.Qxb4 Kg8 56.a4 Kh7 57.a5 g5 58.a6 g4 59.a7 g3 60.
a8=Q gxh2+ 61.Kxh2 Kg6 62.Qa6+ Kf5 63.Qaa5+ Ke6 64.Qbb6+ Kd7 65.Qaa7+ Kc8 
66.Qbb8# 1-0

[Event "15th CAN-ch (w)"]
[Site "Toronto CAN"]
[Date "2011.10.09"]
[Round "5"]
[White "Khoudgarian, Natalia"]
[Black "Orlova, Yelizaveta"]
[Result "1-0"]
[WhiteElo "2200"]
[BlackElo "1994"]
[EventDate "2011.10.08"]
[PlyCount "110"]
[Source "MonRoi"]

1.e4 b6 2.d4 Bb7 3.Bd3 e6 4.Qe2 Ne7 5.Nf3 h6 6.O-O g5 7.d5 Bg7 8.c4 e5 9.
Be3 d6 10.Nc3 Nd7 11.b4 O-O 12.c5 Nf6 13.Rfc1 Ng4 14.cxd6 cxd6 15.Nb5 Ba6 
16.a4 Nxe3 17.Qxe3 Bxb5 18.Bxb5 f5 19.a5 Bf6 20.Nd2 fxe4 21.Nxe4 Nf5 22.
Qd3 Nd4 23.Bc6 Rb8 24.axb6 axb6 25.Ra7 Rf7 26.Rca1 Be7 27.Rd7 Qf8 28.Raa7 
Rd8 29.f3 Rxd7 30.Rxd7 h5 31.Nxd6 Bxd6 32.Qg6+ Qg7 33.Rxd6 Qxg6 34.Rxg6+ 
Rg7 35.Rxg7+ Kxg7 36.Kf2 Kf6 37.b5 Ke7 38.Ke3 Kd6 39.Ke4 h4 40.h3 Ne2 41.
Kf5 Nf4 42.Kxg5 Nxg2 43.Kg4 Ne1 44.Kxh4 Nxf3+ 45.Kg4 Nd4 46.h4 Ne2 47.h5 
Nf4 48.h6 Ng6 49.h7 Nh8 50.Kf5 Nf7 51.Kf6 Nh8 52.Kg7 e4 53.Kxh8 e3 54.Kg7 
e2 55.h8=Q e1=Q 1-0